000 00366nam a2200133Ia 4500
008 240624s9999 xx 000 0 und d
041 _aeng
082 _a158.7 SIS
100 _aSISON ALEJO JOSH G
245 _aHAPPINESS AND VIRTUE ETHICS IN BUSINESS
260 _c2016
_aNew Delhi
_bCambridge University Press
300 _axvi, 301 p.; 23 cm.
365 _cBPS
_b30
999 _c29683
_d29683